Информатика: учебник
| Main Author: | |
|---|---|
| Other Authors: | |
| Summary: | В учебнике в соответствии с требованиями государственных образовательных стандартов в трех разделах представлен материал по основным направлениям информатики. В разделе "Информатика как область интеграции знаний" дается представление о роли информации в развитии общества, об управлении знаниями, о логических основах построения компьютера, о методах и средствах моделирования, об основах построения баз данных и информационных системах, об информационной безопасности, о менеджменте информационной сферы. В разделе "Техническая база информатики" приведена информация об аппаратной части компьютера, о компьютерных сетях, рассматривается история и тенденции развития компьютерных систем. В разделе "Алгоритмическое и программное обеспечение информатики" излагаются основы теории алгоритмов и технологии программирования, приводится классификация программного обеспечения и характеристики разных классов программных продуктов. Рекомендован Учебно-методическим объединением по университетскому политехническому образованию в качестве учебника для студентов высших учебных заведений, обучающихся по направлениям подготовки бакалавров "Системный анализ и управление" и "Экономика и управление". Учебник также может быть использован для подготовки студентов следующих направлений: гуманитарные науки, социальные науки, естественные науки, культура и искусство, образование и педагогика, здравоохранение. |
| Language: | Russian |
| Published: |
Санкт-Петербург, Питер, 2015
|
| Series: | Учебник для вузов Стандарт третьего поколения Для бакалавров |
| Subjects: | |
| Format: | Book |
| KOHA link: | https://koha.lib.tpu.ru/cgi-bin/koha/opac-detail.pl?biblionumber=294952 |
MARC
| LEADER | 00000nam0a2200000 4500 | ||
|---|---|---|---|
| 001 | 294952 | ||
| 005 | 20231101002127.0 | ||
| 010 | |a 9785496000017 | ||
| 035 | |a (RuTPU)RU\TPU\book\320028 | ||
| 035 | |a RU\TPU\book\220639 | ||
| 035 | |a RU\TPU\book\275835 | ||
| 090 | |a 294952 | ||
| 100 | |a 20111013d2015 m y0rusy50 ca | ||
| 101 | 0 | |a rus | |
| 102 | |a RU | ||
| 105 | |a a j 001zy | ||
| 200 | 1 | |a Информатика |e учебник |f Н. В. Макарова, В. Б. Волков | |
| 210 | |a Санкт-Петербург |c Питер |d 2015 | ||
| 215 | |a 574 с. |c ил. | ||
| 225 | 1 | |a Учебник для вузов | |
| 225 | 1 | |a Стандарт третьего поколения | |
| 225 | 1 | |a Для бакалавров | |
| 320 | |a Библиография в конце глав. | ||
| 330 | |a В учебнике в соответствии с требованиями государственных образовательных стандартов в трех разделах представлен материал по основным направлениям информатики. В разделе "Информатика как область интеграции знаний" дается представление о роли информации в развитии общества, об управлении знаниями, о логических основах построения компьютера, о методах и средствах моделирования, об основах построения баз данных и информационных системах, об информационной безопасности, о менеджменте информационной сферы. В разделе "Техническая база информатики" приведена информация об аппаратной части компьютера, о компьютерных сетях, рассматривается история и тенденции развития компьютерных систем. В разделе "Алгоритмическое и программное обеспечение информатики" излагаются основы теории алгоритмов и технологии программирования, приводится классификация программного обеспечения и характеристики разных классов программных продуктов. Рекомендован Учебно-методическим объединением по университетскому политехническому образованию в качестве учебника для студентов высших учебных заведений, обучающихся по направлениям подготовки бакалавров "Системный анализ и управление" и "Экономика и управление". Учебник также может быть использован для подготовки студентов следующих направлений: гуманитарные науки, социальные науки, естественные науки, культура и искусство, образование и педагогика, здравоохранение. | ||
| 606 | 1 | |a Информатика |2 stltpush |3 (RuTPU)RU\TPU\subj\36202 | |
| 610 | 1 | |a информация | |
| 610 | 1 | |a классификация | |
| 610 | 1 | |a структурирование | |
| 610 | 1 | |a кодирование | |
| 610 | 1 | |a информатизация | |
| 610 | 1 | |a общество | |
| 610 | 1 | |a информационный потенциал | |
| 610 | 1 | |a знания | |
| 610 | 1 | |a инженерия | |
| 610 | 1 | |a логические основы | |
| 610 | 1 | |a информационные системы | |
| 610 | 1 | |a информационные технологии | |
| 610 | 1 | |a базы данных | |
| 610 | 1 | |a данные | |
| 610 | 1 | |a теория | |
| 610 | 1 | |a моделирование | |
| 610 | 1 | |a модели | |
| 610 | 1 | |a компьютерное моделирование | |
| 610 | 1 | |a имитационное моделирование | |
| 610 | 1 | |a AnyLogic | |
| 610 | 1 | |a информационная безопасность | |
| 610 | 1 | |a угрозы | |
| 610 | 1 | |a источники | |
| 610 | 1 | |a информационная защита | |
| 610 | 1 | |a государственные стандарты | |
| 610 | 1 | |a источники | |
| 610 | 1 | |a информационный менеджмент | |
| 610 | 1 | |a компьютеры | |
| 610 | 1 | |a аппаратное обеспечение | |
| 610 | 1 | |a системы счисления | |
| 610 | 1 | |a история | |
| 610 | 1 | |a компьютерные сети | |
| 610 | 1 | |a алгоритмы | |
| 610 | 1 | |a программное обеспечение | |
| 610 | 1 | |a системное программное обеспечение | |
| 610 | 1 | |a офисное программное обеспечение | |
| 610 | 1 | |a мультимедиа | |
| 610 | 1 | |a программирование | |
| 610 | 1 | |a инструменты | |
| 610 | 1 | |a технологии | |
| 610 | 1 | |a учебники | |
| 675 | |a 004(075.8) |v 4 | ||
| 700 | 1 | |a Макарова |b Н. В. |g Наталья Владимировна | |
| 701 | 1 | |a Волков |b В. Б. |g Владимир Борисович | |
| 801 | 1 | |a RU |b 63413507 |c 20150519 | |
| 801 | 2 | |a RU |b 63413507 |c 20150706 |g RCR | |
| 900 | |a Информатика | ||
| 942 | |c BK | ||
| 951 | |l 8.1 | ||
| 959 | |a 72/20150519 |d 5 |e 1176,00 |f ЧЗТЛ:1 |f УФ:4 | ||